000 00596nam a2200229 i 4500
001 bg
100 1 _aPLUMMER, Charles C.
245 0 _aPhysical Geology /
_cCharles C. Plummer, David McGeary.
250 _a4 ed.
260 _aDubuque :
_bWm.C.Brown,
_ccop.1988.
300 _a535 s. :
_bfot.(w tym kolor.),rys. ;
_c25 cm.
504 _aBibliogr. przy rozdz.
650 9 _aGeologia
700 1 _aMcGEARY, David
020 _a0697050920
040 _cBPK
041 0 _aen
080 _a551.1/.4
920 _a0-697-05092-0
942 _cKS
008 s pl f |000 0 pol
999 _c30171
_d30171
856 _uhttp://koha.tu.koszalin.pl/cgi-bin/koha/opac-detail.pl?biblionumber=30171
_yKatalog online BPK